00244nam a2200109Ia 4500008004100000041001200041082001100053100001400064245004400078260000600122650000600128221030s9999 xx 000 0 und d aEnglish a105.23 aR. Bangia 0aLearning Power Point 2000cby R. Bangia c0 aB